000
00327nam a22001337a 4500
003
LRUA
005
20230712212907.0
008
230712b xxu||||| |||| 00| 0 eng d
040
_c
RUA
082
_2
001 COM 2000 C227 Or.
245
_a
ANNUAL EDITIONS COMPUTERS IN SOCIETY
260
_a
Phnom Penh
_b
RUA
_c
2000
942
_2
ddc
_c
EK
999
_c
21559
_d
21559